LEADER 00951cam2 2200265 450 001 E600200064411 005 20220705084430.0 100 $a20100607d1970 |||||ita|0103 ba 101 $ager 102 $aNL 200 1 $a<<12: >>Philosophie der Arithmetik$fEdmund Husserl$gmit ergäzenden Texten (1890-1901) hrsg. von Lothar Eley 210 $aDen Haag$cMartinus Nijhoff$d1970 215 $aXXIX, 585 p.$d25 cm 461 1$1001E600200064519$12000 $aGesammelte Werke 700 1$aHusserl$b, Edmund$3AF00004903$4070$035554 702 1$aEley, Lothar$3A600200052383$4070 801 0$aIT$bUNISOB$c20220705$gRICA 850 $aUNISOB 852 $aUNISOB$j100|Coll|56|K$m51728 912 $aE600200064411 940 $aM 102 Monografia moderna SBN 941 $aM 957 $a100|Coll|56|K$b000009$gSi$d51728$racquisto$1beth$2UNISOB$3UNISOB$420100607123446.0$520220705084317.0$6Alfano 996 $aPhilosophie der Arithmetik$9489883 997 $aUNISOB